000 01279nam a22003254a 4500
001 ebr10023315
003 CaPaEBR
006 m u
007 cr cn|||||||||
008 010713s2002 ctua sb 001 0 eng
010 _z 2001036686
020 _z0275975568 (alk. paper)
040 _aCaPaEBR
_cCaPaEBR
035 _a(OCoLC)70720878
050 1 4 _aBF468
_b.E36 2002eb
082 0 4 _a153.7/53
_221
100 1 _aEdwards, Allen Jack,
_d1926-
245 1 2 _aA psychology of orientation
_h[electronic resource] :
_btime awareness across life stages and in dementia /
_cAllen Jack Edwards.
260 _aWestport, Conn. :
_bPraeger,
_c2002.
300 _axii, 278 p. :
_bill.
504 _aIncludes bibliographical references (p. [257]-273) and index.
533 _aElectronic reproduction.
_bPalo Alto, Calif. :
_cebrary,
_d2013.
_nAvailable via World Wide Web.
_nAccess may be limited to ebrary affiliated libraries.
650 0 _aTime perception.
650 0 _aTime perspective.
650 0 _aTime
_xPsychological aspects.
650 0 _aDementia
_xTreatment.
655 7 _aElectronic books.
_2local
710 2 _aebrary, Inc.
856 4 0 _uhttp://site.ebrary.com/lib/rucke/Doc?id=10023315
_zAn electronic book accessible through the World Wide Web; click to view
999 _c7739
_d7739